| 000 | 00544nam a2200205Ia 4500 | ||
|---|---|---|---|
| 003 | GCL | ||
| 008 | 140319s9999 xx 000 0 ara d | ||
| 040 |
_aGCL / _cGCL |
||
| 082 | 0 | 4 |
_a418 _bب ع |
| 100 | 1 | _aبالمر، ف . ر | |
| 245 | 1 | 0 |
_aعلم الادلة: اطار جديد / _cبالمر، ف . ر |
| 700 | 1 | _aصبرى ابراهيم (مترجم) | |
| 300 | _a248 ص | ||
| 490 | _a | ||
| 650 | 0 | 4 | _aالكتابة |
| 650 | 0 | 4 | _aاللغة العربية |
| 650 | 0 | 4 | _aالفاظ |
| 650 | 0 | 4 | _aالكلمات |
| 942 |
_2ddc _cBK |
||
| 999 |
_c41401 _d41401 |
||